000
00280nam a2200109Ia 4500
008
230907s9999||||xx |||||||||||||| ||und||
082
_a
658.151
_b
HIG
245
0
_a
Analysis for financial management /
260
_a
McGraw-Hill,
_b
New York :
_c
2019
300
_a
445 p.
942
_c
BK
999
_c
600871
_d
600871